| 000 | 00657 a2200181 4500 | ||
|---|---|---|---|
| 001 | 226 | ||
| 005 | 20260407155414.0 | ||
| 008 | 260407a2010 arg spa d | ||
| 003 | AR-UNSa-BCEJYS | ||
| 040 |
_aAR-UNSa-BCEJYS _bspa _cAR-UNSa-BCEJYS |
||
| 245 | 1 | 0 | _aAportes efectuados a la Cátedra de Contabilidad Pública |
| 264 | 1 |
_aSalta : _bUniversidad Nacional de Salta _c2010 |
|
| 300 |
_av. 2 _c21 cm |
||
| 505 | _aEl Vol. 1 contiene: 1. Demandar el cumplimiento de la Constitución Nacinal 2. Una profecía cumplida 3. Algo sobre el control 4. Pre Proyecto | ||
| 942 | _cBK | ||
| 590 | _aniveau_biblio:m niveau_hierar:0 | ||
| 100 | 1 | _aWierna, Gustavo Enrique | |
| 999 |
_c141 _d141 |
||